Clark, Domini (Record no. 85116)

MARC details
000 -LEADER
fixed length control field 00260nam a2200109Ia 4500
082 ## - DEWEY DECIMAL CLASSIFICATION NUMBER
Classification number J 968 CLAR
020 ## - INTERNATIONAL STANDARD BOOK NUMBER
International Standard Book Number 9780778796589"
008 - FIXED-LENGTH DATA ELEMENTS--GENERAL INFORMATION
fixed length control field 210816s9999 xx 000 0 und d
100 ## - MAIN ENTRY--PERSONAL NAME
Personal name South Africa the land
9 (RLIN) 18879
245 #0 - TITLE STATEMENT
Title Clark, Domini
942 ## - ADDED ENTRY ELEMENTS
item type Books

No items available.